000 00570cam a2200193 4500500
005 20260329005600.0
041 _afre
042 _adc
100 1 0 _aEnjalbert, Cédric
_eauthor
245 0 0 _a“Neandertal” : génome des cavernes
260 _c2024.
500 _a24
690 _aADN
690 _aNéandertal
690 _aOrigine
690 _aThéâtre
786 0 _nPhilosophie magazine | 177 | 3 | 2024-03-01 | p. 62-62 | 1951-1787
856 4 1 _uhttps://shs.cairn.info/magazine-philosophie-magazine-2024-3-page-62?lang=fr&redirect-ssocas=7080
999 _c1844728
_d1844728